The potential of Eco-tourism based community in tatey lue commune thmar bang district koh kong province, សក្ដានុពលទេសចរណ៍ធម្មជាតិបែបសហគមន៍នៅឃុំតាទៃលើ ស្រុកថ្មបាំង ខេត្តកោះកុង (Record no. 3368)
[ view plain ]
| 000 -LEADER | |
|---|---|
| fixed length control field | 00673nam a22001577a 4500 |
| 003 - CONTROL NUMBER IDENTIFIER | |
| control field | OSt |
| 005 - DATE AND TIME OF LATEST TRANSACTION | |
| control field | 20151112152350.0 |
| 008 - FIXED-LENGTH DATA ELEMENTS--GENERAL INFORMATION | |
| fixed length control field | 151112b xxu||||| |||| 00| 0 eng d |
| 040 ## - CATALOGING SOURCE | |
| Transcribing agency | RUA |
| 082 ## - DEWEY DECIMAL CLASSIFICATION NUMBER | |
| Classification number | FOR CHE 2008 B135 Or.1 |
| 100 ## - MAIN ENTRY--PERSONAL NAME | |
| 9 (RLIN) | 3618 |
| Personal name | CHEA, PUTHY. |
| 245 ## - TITLE STATEMENT | |
| Title | The potential of Eco-tourism based community in tatey lue commune thmar bang district koh kong province, សក្ដានុពលទេសចរណ៍ធម្មជាតិបែបសហគមន៍នៅឃុំតាទៃលើ ស្រុកថ្មបាំង ខេត្តកោះកុង |
| 260 ## - PUBLICATION, DISTRIBUTION, ETC. (IMPRINT) | |
| Place of publication, distribution, etc. | Phnom Penh |
| Name of publisher, distributor, etc. | RUA |
| Date of publication, distribution, etc. | 2008 |
| 300 ## - PHYSICAL DESCRIPTION | |
| Extent | xiii; 48p. |
| Other physical details | ill. |
| Dimensions | 29cm. |
| 942 ## - ADDED ENTRY ELEMENTS (KOHA) | |
| Source of classification or shelving scheme | |
| Koha item type | FOR |
| Price effective from | Date last seen | Permanent Location | Not for loan | Date acquired | Source of classification or shelving scheme | Koha item type | Lost status | Withdrawn status | Date last checked out | Total Checkouts | Shelving location | Damaged status | Barcode | Current Location | Full call number |
|---|---|---|---|---|---|---|---|---|---|---|---|---|---|---|---|
| 2015-11-12 | 2020-12-14 | Library Block B | 2015-11-12 | FOR | 2020-11-23 | 5 | B135 | RUA028132 | Library Block B | FOR CHE 2008 B135 Or.1 | |||||
| 2015-11-12 | 2022-08-16 | Library Block B | 2015-11-12 | FOR | 2022-08-08 | 1 | B135 | RUA028129 | Library Block B | FOR CHE 2008 B135 Or.2 | |||||
| 2015-11-12 | 2023-05-29 | Library Block B | 2015-11-12 | FOR | 2023-04-19 | 2 | B135 | RUA028411 | Library Block B | FOR CHE 2008 B135 Or.3 | |||||
| 2015-11-12 | 2023-01-27 | Library Block B | 2015-11-12 | FOR | 2023-01-25 | 2 | B135 | RUA028056 | Library Block B | FOR CHE 2008 B135 Or.4 | |||||
| 2015-11-12 | 2015-11-12 | Library Block B | 2015-11-12 | FOR | B135 | RUA028060 | Library Block B | FOR CHE 2008 B135 Or.5 | |||||||
| 2015-11-12 | 2015-11-12 | Library Block B | 2015-11-12 | FOR | B135 | RUA026980 | Library Block B | FOR CHE 2008 B135 Or.6 | |||||||
| 2015-11-16 | 2021-07-19 | Library Block B | 2015-11-16 | FOR | 2021-07-09 | 1 | B135 | RUA027097 | Library Block B | FOR CHE 2008 B135 Or.7 | |||||
| 2015-11-16 | 2015-11-16 | Library Block B | 2015-11-16 | FOR | B135 | RUA027054 | Library Block B | FOR CHE 2008 B135 Or.8 | |||||||
| 2015-11-16 | 2015-11-16 | Library Block B | 2015-11-16 | FOR | B135 | RUA027242 | Library Block B | FOR CHE 2008 B135 Or.9 | |||||||
| 2016-02-03 | 2016-02-03 | Library Block B | 2016-02-03 | FOR | RUA035996 | Library Block B | FOR CHE 2008 B135 Or.10 |